| 000 | 00000nam##2200000za#4500 |
| 001 | 9.630547 |
| 003 | CaOODSP |
| 005 | 20210624213907 |
| 007 | cr ||||||||||| |
| 008 | 150407|2001||||xxc|||||o f|0| 0 fre|d |
| 020 | |a0-662-85821-2 |
| 040 | |aCaOODSP|bfre |
| 043 | |an-cn--- |
| 086 | 1 |aT22-90/2004-1F-IN |
| 110 | 1 |aCanada. |bTransports Canada. |
| 245 | 10|aCap sur le nouveau millénaire : |h[ressource électronique]|bTransports Canada plan d'activités 2001-2004 - une mise à jour |
| 260 | |aOttawa - Ontario : |bTransports Canada |cc2001. |
| 300 | |a44p.|bréférences, tableaux |
| 500 | |aLe n° de catalogue (T22-90/2004-1) et l'ISBN (0-662-65801-9) de l'édition imprimée bilingue ont été incorrectement copiés dans l'édition électronique. |
| 590 | |a12-14-Supp|b2012-04-10 |
| 691 | 07|aFutur|2gcpds |
| 691 | 07|aGestion|2gcpds |
| 691 | 07|aIndustrie du transport|2gcpds |
| 775 | 08|tLooking to the new millennium : |w(CaOODSP)9.686125 |
| 776 | 0#|tLooking to the new millennium : |w(CaOODSP)9.662839 |
| 776 | 0#|tCap sur le nouveau millénaire : |w(CaOODSP)9.662840 |
| 856 | 40|ahttp://publications.gc.ca|qPDF|s1.99 Mo|uhttps://publications.gc.ca/collections/Collection/T22-90-2004-1F.pdf |